| 000 | 00458nam a2200181 4500 | ||
|---|---|---|---|
| 999 |
_c12790 _d12790 |
||
| 008 | 210604b ||||| |||| 00| 1 hin d | ||
| 020 |
_a81-85469-13-X _cRs.40.00 |
||
| 041 | 0 | _ahin | |
| 082 | 0 | 0 |
_a891.43 _bL8334 |
| 100 |
_95010 _aLohiya, Sunder |
||
| 245 | 1 | 0 |
_aKoltaar / _cby Sunder Lohiya |
| 250 | _a1st ed. | ||
| 260 |
_aHaryana : _bAdhaar prakashan, _c1992. |
||
| 300 | _a104 p. | ||
| 365 | _bINR 40.00 | ||
| 650 | 0 | _aHindi fiction | |
| 942 |
_2ddc _cBK |
||